| 000 | 00985nam a22002417i 4500 | ||
|---|---|---|---|
| 999 |
_c23625 _d23625 |
||
| 003 | AR-CdUCM | ||
| 008 | 260423b20192019mx ||||| |||| 00| 0 spa d | ||
| 020 | _a978-607-8580-68-2 | ||
| 040 |
_aMUNICIPALIDAD PROVINCIAL DEL CUSCO _cBIBLIOTECA MUNICIPAL DEL CUSCO |
||
| 041 | _hsap | ||
| 082 |
_a121 _bB512 / e.2 |
||
| 100 |
_aBerkeley, George _929835 |
||
| 245 |
_aTratado sobre los principios del conocimiento humano alcifrón : _bEstudio introductorio por Carlos Mellizo / |
||
| 260 |
_aBarcelona-España: _bRBA COLECCIONABLES, S.A.U. _c2018 |
||
| 300 |
_a463 páginas. : _c15x23 cm. |
||
| 505 | _aCiencia y religión -- Traslado a Oxford -- Comentarios filosóficos -- Tres diálogos entre Hilas y Filonus -- La controversia religiosa | ||
| 650 |
_aLos filósofos minuciosos _952655 |
||
| 650 |
_aEl error de castigar las acciones _952656 |
||
| 650 |
_aCarácter del filósofo _952657 |
||
| 856 | _fwwwrbacolecionables.com | ||
| 942 |
_2ddc _cLIBROS |
||
| 945 |
_apbjr _d23-04-2026 |
||